000 00701nam a2200289Ia 4500
005 20260324151021.0
008 008 260324s9999 xx 000 0 eng d
020 _a9781315855820
037 _aEBOOK
040 _aCRL
040 _beng
040 _cCRL
041 _2eng
041 _aeng
084 _qCRL
100 _aHarry Furniss
_91228433
245 0 _aOur Lady Cinema
245 0 _bHow and Why I went into the Photo-play World and What I Found There
260 _bTaylor and Francis
260 _c1914
365 _a
365 _b230
856 _uhttp://www.taylorfrancis.com/books/9781315855820
942 _cEBOOK
999 _c1838847
_d1838847